| Поле | Название | Значение |
| |
Тип записи |
a |
| |
Библиографический уровень |
m |
| 001 |
Контрольный номер |
RU/ГПНТБ России/KNIGADB/81.432.1/В 35-565067383 |
| 005 |
Дата корректировки |
20230109145946.9 |
| 010 |
Индекс ISBN |
__ |
| a |
ISBN |
978-5-17-115796-8 |
| 9 |
Тираж |
3000 экз. |
| d |
Цена |
135-30 |
| 100 |
Данные общей обработки |
__ |
| a |
Данные общей обработки |
20211209d2019 ma y0rusy028902 ca |
| 101 |
Язык документа |
1_ |
| a |
Язык текста |
eng |
| c |
Язык оригинала |
fre |
| 102 |
Страна публикации |
__ |
| a |
Страна публикации |
RU |
| 105 |
Кодированные данные (монография) |
__ |
| a |
Кодированные данные (монография) |
y z 000ay |
| 181 |
Поле кодированных данных: вид содержания |
_0 |
| a |
Код вида содержания (ISBD) |
i |
| 182 |
Поле кодированных данных: тип средства |
_0 |
| a |
Код типа средства (ISBD) |
n |
| 200 |
Заглавие и сведения об ответственности |
1_ |
| a |
Заглавие |
Двадцать тысяч лье под водой |
| f |
Первые сведения об ответственности |
Жюль Верн |
| g |
Последующие сведения об ответственности |
адаптация текста, словарь и комментарии С. А. Матвеева |
| d |
Параллельное заглавие |
Twenty thousand leagues under the sea |
| z |
Язык параллельного заглавия |
eng |
| e |
Сведения, относящиеся к заглавию |
[словарь, комментарии] |
| 203 |
Вид содержания и тип средства |
__ |
| a |
Вид содержания |
Текст |
| c |
Тип средства |
непосредственный |
| 210 |
Выходные данные |
1_ |
| a |
Место издания |
Москва |
| c |
Издательство |
АСТ |
| c |
Издательство |
Lingua |
| d |
Дата издания |
2019 |
| 215 |
Физическое описание |
__ |
| a |
Объем |
190, [1] с. |
| d |
Формат |
20 см |
| 225 |
Серия |
2_ |
| a |
Серия |
Легко читаем по-английски |
| e |
Сведения, относящиеся к заглавию серии |
4 уровень |
| 300 |
Общие примечания |
__ |
| a |
Общие примечания |
Текст на английском языке |
| 330 |
Аннотация |
__ |
| a |
Аннотация |
Профессор Пьер Аронакс отправляется в экспедицию, целью которой является поимка чудовища, постоянно терроризирующего простые корабли. "Чудовищем" оказывается подводная лодка "Наутилус" под управлением загадочного капитана Немо. На борту "Наутилуса" профессору выпадает уникальный шанс исследовать множество чудес, скрытых в глубинах мирового океана. Для удобства читателя книга содержит комментарии и краткий словарь. Предназначается для продолжающих изучать английский язык высшей ступени (уровень 4 - Upper-Intermediate). |
| 606 |
Тематические рубрики |
__ |
| a |
Основная рубрика |
Языкознание |
| 2 |
Код системы |
nlr_sh |
| 606 |
Тематические рубрики |
__ |
| 2 |
Код системы |
nlr_sh |
| a |
Основная рубрика |
Германские языки |
| 610 |
Ключевые слова |
0_ |
| a |
Ключевые слова |
зарубежная литература |
| 610 |
Ключевые слова |
0_ |
| a |
Ключевые слова |
иностранная литература |
| 610 |
Ключевые слова |
0_ |
| a |
Ключевые слова |
иностранные языки |
| 610 |
Ключевые слова |
0_ |
| a |
Ключевые слова |
английский язык |
| 610 |
Ключевые слова |
0_ |
| a |
Ключевые слова |
чтение на английском |
| 610 |
Ключевые слова |
0_ |
| a |
Ключевые слова |
адаптированные тексты |
| 610 |
Ключевые слова |
0_ |
| a |
Ключевые слова |
романы |
| 610 |
Ключевые слова |
0_ |
| a |
Ключевые слова |
французская литература |
| 610 |
Ключевые слова |
0_ |
| a |
Ключевые слова |
приключенческие романы |
| 686 |
Индексы других классификаций |
__ |
| 2 |
Код системы |
rubbks |
| a |
Классификационный индекс |
81.432.1я7-3 |
| 700 |
Автор |
_1 |
| a |
Фамилия |
Верн |
| b |
Имя |
Ж. |
| g |
Полное личное имя |
Жюль |
| f |
Даты |
1828-1905 |
| 4 |
Код отношения |
070 |
| 702 |
Вторичная интеллектуальная ответственность |
_1 |
| a |
Фамилия |
Матвеев |
| b |
Имя |
С. А. |
| 4 |
Код отношения |
010 |
| 4 |
Код отношения |
570 |
| 801 |
Источник записи |
_0 |
| b |
Организация |
ГПНТБ России |
| a |
Страна |
RU |
| c |
Дата составления |
20211209 |
| g |
Правила каталогизации |
PSBO |
| 801 |
Источник записи |
_1 |
| b |
Организация |
ГПНТБ России |
| a |
Страна |
RU |
| c |
Дата составления |
20211209 |
| g |
Правила каталогизации |
PSBO |
| 852 |
Данные о местонахождении |
5_ |
| j |
Шифр хранения |
81.432.1я7-3 |
| i |
Авторский знак |
В 35 |
| 900 |
Макрообъекты |
__ |
| a |
Макрообъекты |
Двадцать тысяч лье под водой, 2019 |
| 901 |
Тип документа |
__ |
| a |
Ответственный |
КиК/Обаева |
| t |
Тип документа |
m |
| 903 |
Характеристики (МАРС) |
__ |
| a |
Дата передачи |
20220302 |
| c |
Наименование библиотеки (МАРС) |
Муниципальное бюджетное учреждение культуры "Централизованная библиотечная система" г. Сургут (Центральная городская библиотека им. А. С. Пушкина) |
| 969 |
Тип издания |
__ |
| a |
Тип издания |
книга для чтения |
| 990 |
Данные о заказе (DOS) |
__ |
| j |
Количество экземпляров (DOS) |
1 |
| t |
N записи в КСУ для И/У (DOS) |
202203 |